El principito /

Guardado en:
Autor Principal: Saint Exupéry, Antoine de
Formato: Libro
Publicado: Buenos Aires : Catapulta, 2015.
Materias:
Etiquetas: Agregar Etiqueta
Sin Etiquetas, Sea el primero en etiquetar este registro!
LEADER 00616nam a22002175a 4500
001 CEM.cems010448
008 130507s2015##################000#0#####d
005 20220530175603.0
003 CEMS
245 1 0 |a El principito /  |c Antoine de Saint Exupéry 
260 |a Buenos Aires :  |b Catapulta,  |c 2015. 
300 |a 96 p. 
500 |a Traducido por Cristina Piña. 
020 |a 9789876374387 
100 1 |a Saint Exupéry, Antoine de 
082 0 4 |a 843 
653 |a Literatura 
653 |a Literatura francesa 
653 |a Novelas 
653 |a Novela francesa 
859 |a CEMS  |b BIB. CEMS - 11 de abril  |h 843  |i Sa21-1  |p 21018.00  |t Ej.1